000 00885cab a2200277 4500
001 WB2840-33
008 090401t1992 xxu||||| |||| 00| 0 eng d
035 _a(Sirsi) u39011
041 _aeng
245 _aPressure for shorter leases likely
260 _c1992
350 _a0
490 _aIrish Times
_v14 October 1992, 27(1)
520 _aIn this presentation at the recent Commercial Law Studies Conference in Dublin, the author Mr J Mulcahy of Jones Lang Wootton outlines current thinking for landlord and tenant reform over the next decade.
650 _aCONFIDENTIALITY CLAUSES
650 _aIRELAND
650 _aLEASE REFORM
650 _aLEASES
650 _aPRIVITY OF CONTRACT
650 _aPROPERTY CRASH
650 _aRENT REVIEWS
650 _aUPWARDS-ONLY
690 _aLANDLORD AND TENANT-BUSINESS TENANCIES
942 _n0
948 _c04/03/1997
999 _c25008
_d25008